| 000 | 00603cab a2200229 4500 | ||
|---|---|---|---|
| 001 | ABS60414 | ||
| 008 | 090401t1999 xxu||||| |||| 00| 0 eng d | ||
| 035 | _a(Sirsi) u93102 | ||
| 041 | _aeng | ||
| 100 | _aMinogue, A. | ||
| 245 | _aDon`t ignore the formalities | ||
| 260 | _c1999 | ||
| 350 | _a0 | ||
| 490 |
_aBuilding _v264(8084) 23 April 1999, 78-79(1) |
||
| 650 | _aCONDITIONS | ||
| 650 | _aBUILT ENVIRONMENT-BUILDING CONTRACT FORMS | ||
| 650 | _aPROCEDURES | ||
| 650 | _aTERMINATION CLAUSES | ||
| 690 | _aBUILT ENVIRONMENT-BUILDING CONTRACT FORMS | ||
| 942 | _n0 | ||
| 948 | _c30/04/1999 | ||
| 999 |
_c59005 _d59005 |
||